000 01417nam0a22002771 4500
001 rc\4593633
005 20250612125403.0
021 _aRU
_b68-116731
021 _aRU
_bРг3940-69
035 _a(NLR Aleph) 008662840
090 _a9072123
_c9072123
100 _a20130416d1966 |||y0rusy50 ca
101 0 _arus
102 _aRU
105 _ay z |||||
200 1 _aМеханический стабилизатор крови АВЖ-245 К
_fМ-во мясной и молочной пром-сти СССР. Всесоюз. науч.-исслед. ин-т мясной пром-сти
210 _aМосква
_cБ. и.
_d1966
215 _a[3] с.
_d24
225 1 _aНаучная и техническая информация
_eМатериалы к Всесоюз. совещанию работников мясной и молочной пром-сти 22 июня 1966 г.
_v№ 8
300 _aОтпеч. множит. аппаратом
604 _150010$aМатериалы к Всесоюзному совещанию работников мясной и молочной промышленности 22 июня 1955 г.
_171012$aВсесоюзное совещание работников мясной и молочной промышленности$f1966$eМосква
801 0 _aRU
_bNLR
_gpsbo
801 1 _aRU
_bELAR
_2rusmarc
852 _aNLR
_j69-7/527-8
942 _cBOOK
980 _aNB